<?xml version="1.0" encoding="UTF-8"?><?xml-stylesheet type="text/xsl" href="static/style.xsl"?><OAI-PMH xmlns="http://www.openarchives.org/OAI/2.0/" xmlns:xsi="http://www.w3.org/2001/XMLSchema-instance" xsi:schemaLocation="http://www.openarchives.org/OAI/2.0/ http://www.openarchives.org/OAI/2.0/OAI-PMH.xsd"><responseDate>2026-06-29T01:32:48Z</responseDate><request verb="GetRecord" identifier="oai:docta.ucm.es:20.500.14352/130912" metadataPrefix="marc">https://docta.ucm.es/rest/oai/request</request><GetRecord><record><header><identifier>oai:docta.ucm.es:20.500.14352/130912</identifier><datestamp>2026-01-26T01:17:31Z</datestamp><setSpec>com_20.500.14352_14</setSpec><setSpec>col_20.500.14352_15</setSpec></header><metadata><record xmlns="http://www.loc.gov/MARC21/slim" xmlns:dcterms="http://purl.org/dc/terms/" xmlns:xsi="http://www.w3.org/2001/XMLSchema-instance" xmlns:doc="http://www.lyncode.com/xoai" xsi:schemaLocation="http://www.loc.gov/MARC21/slim http://www.loc.gov/standards/marcxml/schema/MARC21slim.xsd">
   <leader>00925njm 22002777a 4500</leader>
   <datafield ind2=" " ind1=" " tag="042">
      <subfield code="a">dc</subfield>
   </datafield>
   <datafield ind2=" " ind1=" " tag="720">
      <subfield code="a">Martín-Romanillos, Eugenia</subfield>
      <subfield code="e">author</subfield>
   </datafield>
   <datafield ind2=" " ind1=" " tag="720">
      <subfield code="a">Feijoo García, Gonzalo</subfield>
      <subfield code="e">author</subfield>
   </datafield>
   <datafield ind2=" " ind1=" " tag="720">
      <subfield code="a">Martín-Vacas, Andrea</subfield>
      <subfield code="e">author</subfield>
   </datafield>
   <datafield ind2=" " ind1=" " tag="720">
      <subfield code="a">Mourelle Martínez, Rosa</subfield>
      <subfield code="e">author</subfield>
   </datafield>
   <datafield ind2=" " ind1=" " tag="720">
      <subfield code="a">Gallardo López, Nuria Esther</subfield>
      <subfield code="e">author</subfield>
   </datafield>
   <datafield ind2=" " ind1=" " tag="720">
      <subfield code="a">Caleya Zambrano, Antonia María</subfield>
      <subfield code="e">author</subfield>
   </datafield>
   <datafield ind2=" " ind1=" " tag="260">
      <subfield code="c">2025-03-29</subfield>
   </datafield>
   <datafield ind2=" " ind1=" " tag="520">
      <subfield code="a">Objectives: The aim was to establish whether there is a relationship between the presence of unilateral posterior crossbite (u-PCB) and the mesio-distal inclination of permanent upper canines, the angulation of the occlusal plane, or the labial commissure inclination in children.

Methods: A cross-sectional association study was conducted. Panoramic radiography was used to measure the inclination of the canines and the occlusal plane, and frontal rest photography was used to measure the inclination of the labial commissure. The measurements were performed with tpsDig264 software version 2.25, 2016, Ecology &amp; Evolution, SUNY), and the data obtained were analyzed with SPSS 22.0 software, using ANOVA and Kruskal-Wallis tests for the statistical analysis.

Results: A total of 106 patients with u-PCB and 41 patients in the control group were studied. No statistically significant differences were observed in the inclination of the right and left canines in patients with u-PCB compared to patients in the control group. There is a relationship between the presence of u-PCB and the inclination of the occlusal plane. No statistically significant differences were observed in the inclination of the labial commissure in patients with u-PCB compared to patients in the control group.

Conclusions: There is no relationship between the presence of u-PCB and the alteration in the eruptive trajectory of the permanent upper canines or in the inclination of the labial commissure. However, a relationship between the presence of u-PCB and altered occlusal plane inclination was found.</subfield>
   </datafield>
   <datafield ind1="8" ind2=" " tag="024">
      <subfield code="a">Martin-Romanillos E, Feijóo G, Martín-Vacas A, Mourelle-Martínez MR, Gallardo-López NE, Caleya AM. Analysis of the Relationship Between Unilateral Posterior Crossbite and Alterations in the Eruptive Trajectory of Maxillary Canines, the Occlusal Plane, and the Inclination of the Labial Commissure. Children (Basel). 2025 Mar 29;12(4):437. doi: 10.3390/children12040437</subfield>
   </datafield>
   <datafield ind1="8" ind2=" " tag="024">
      <subfield code="a">10.3390/children12040437</subfield>
   </datafield>
   <datafield ind1="8" ind2=" " tag="024">
      <subfield code="a">https://hdl.handle.net/20.500.14352/130912</subfield>
   </datafield>
   <datafield ind1="8" ind2=" " tag="024">
      <subfield code="a">2227-9067</subfield>
   </datafield>
   <datafield ind1="8" ind2=" " tag="024">
      <subfield code="a">https://doi.org/10.3390/children12040437</subfield>
   </datafield>
   <datafield ind1="8" ind2=" " tag="024">
      <subfield code="a">40310058</subfield>
   </datafield>
   <datafield ind1="8" ind2=" " tag="024">
      <subfield code="a">https://www.mdpi.com/2227-9067/12/4/437</subfield>
   </datafield>
   <datafield ind1="8" ind2=" " tag="024">
      <subfield code="a">https://pubmed.ncbi.nlm.nih.gov/40310058/</subfield>
   </datafield>
   <datafield ind2="0" ind1="0" tag="245">
      <subfield code="a">Analysis of the Relationship Between Unilateral Posterior Crossbite and Alterations in the Eruptive Trajectory of Maxillary Canines, the Occlusal Plane, and the Inclination of the Labial Commissure</subfield>
   </datafield>
</record></metadata></record></GetRecord></OAI-PMH>